| Tag |
First Indicator |
Second Indicator |
Subfields |
| LEADER |
00000nam a2200000 i 4500 |
| 001 |
in00004588721 |
| 006 |
m o d f |
| 007 |
cr ||||||||||| |
| 008 |
101115s2002 mtuab ob f000 0 eng c |
| 005 |
20220803193156.5 |
| 035 |
|
|
|a (OCoLC)ocn681733575
|
| 040 |
|
|
|a OCLCE
|b eng
|e rda
|e pn
|c OCLCE
|d OCLCQ
|d OCLCF
|d OCLCO
|d OCLCQ
|d COP
|d OCLCQ
|d OCLCO
|d GPO
|d MvI
|
| 042 |
|
|
|a dlr
|a pcc
|
| 043 |
|
|
|a n-us-mt
|
| 049 |
|
|
|a WWW
|
| 050 |
|
4 |
|a GB701
|b .W375 no. 02-4072
|a TD427.M44
|
| 074 |
|
|
|a 0624-B-05 (online)
|
| 086 |
0 |
|
|a I 19.42/4:02-4072
|
| 100 |
1 |
|
|a Cleasby, Thomas E.,
|e author.
|
| 245 |
1 |
0 |
|a Streamflow, water quality, and quantification of metal loading in the upper Tenmile Creek Watershed, Lewis and Clark County, west-central Montana, September 1998 /
|c by Thomas E. Cleasby and David A. Nimick.
|
| 264 |
|
1 |
|a Helena, Montana :
|b U.S. Deptartment of the Interior, U.S. Geological Survey,
|c 2002.
|
| 300 |
|
|
|a 1 online resource (v, 64 pages) :
|b illustrations, maps.
|
| 336 |
|
|
|a text
|b txt
|2 rdacontent
|
| 337 |
|
|
|a computer
|b c
|2 rdamedia
|
| 338 |
|
|
|a online resource
|b cr
|2 rdacarrier
|
| 490 |
1 |
|
|a Water-resources investigations report ;
|v 02-4072
|
| 500 |
|
|
|a "April 2002."
|
| 500 |
|
|
|a "In cooperation with the U.S. Environmental Protection Agency, U.S. Department of Agriculture-Forest Service, Montana Department of Environmental Quality."
|
| 500 |
|
|
|a GPO Cataloging Record Distribution Program (CRDP).
|
| 504 |
|
|
|a Includes bibliographical references (pages 48-49).
|
| 588 |
|
|
|a Description based on online resource; title from PDF title page (USGS, viewed May 18, 2022).
|
| 650 |
|
0 |
|a Metals
|x Environmental aspects
|z Montana
|z Tenmile Creek Watershed (Lewis and Clark County)
|
| 650 |
|
0 |
|a Water quality
|z Montana
|z Tenmile Creek Watershed (Lewis and Clark County)
|
| 650 |
|
0 |
|a Streamflow
|z Montana
|z Tenmile Creek Watershed (Lewis and Clark County)
|
| 650 |
|
0 |
|a Stream measurements
|z Montana
|z Tenmile Creek Watershed (Lewis and Clark County)
|
| 650 |
|
0 |
|a Trace elements in water
|z Montana
|z Tenmile Creek Watershed (Lewis and Clark County)
|
| 650 |
|
7 |
|a Metals
|x Environmental aspects.
|2 fast
|0 (OCoLC)fst01018099
|
| 650 |
|
7 |
|a Streamflow.
|2 fast
|0 (OCoLC)fst01134618
|
| 650 |
|
7 |
|a Water quality.
|2 fast
|0 (OCoLC)fst01171832
|
| 651 |
|
7 |
|a Montana
|z Tenmile Creek Watershed (Lewis and Clark County)
|2 fast
|0 (OCoLC)fst01338820
|
| 700 |
1 |
|
|a Nimick, David A.,
|e author.
|
| 710 |
1 |
|
|a United States.
|b Environmental Protection Agency.
|
| 710 |
1 |
|
|a United States.
|b Forest Service.
|
| 710 |
1 |
|
|a Montana.
|b Department of Environmental Quality.
|
| 710 |
2 |
|
|a Geological Survey (U.S.),
|e issuing body.
|
| 776 |
0 |
8 |
|i Print version:
|a Cleasby, Thomas E.
|t Streamflow, water quality, and quantification of metal loading in the upper Tenmile Creek Watershed, Lewis and Clark County, west-central Montana, September 1998
|w (DLC) 2002410073
|w (OCoLC)49932096
|
| 830 |
|
0 |
|a Water-resources investigations report ;
|v 02-4072.
|
| 856 |
4 |
0 |
|u https://purl.fdlp.gov/GPO/gpo182499
|t 0
|
| 999 |
f |
f |
|s e679c84f-2b8d-4f9c-8083-2b611ce1f56b
|i e679c84f-2b8d-4f9c-8083-2b611ce1f56b
|t 0
|
| 952 |
f |
f |
|a Texas A&M University
|b College Station
|c Electronic Resources
|d Available Online
|t 0
|e I 19.42/4:02-4072
|h Superintendent of Documents classification
|
| 998 |
f |
f |
|a I 19.42/4:02-4072
|t 0
|l Available Online
|